Missing Word: Missing In Action Quiz Stats

Quiz Updated Nov 17, 2016

Challenge
Share
Tweet
Embed
Score 0/20 Timer 02:00
5 Plays Today
Movie Title & Year Missing Word % Correct
_______ Wars (1977)Star
98.6%
Independence _______ (1996)Day
97.9%
Raiders of the Lost _______ (1981)Ark
95%
The _______ Strikes Back (1980)Empire
92.4%
The _______ Knight (2008)Dark
91.9%
_______ in Black (1997)Men
89.2%
Pirates of the Caribbean: Dead Man's _______ (2006)Chest
88.3%
Beverly Hills _______ (1984)Cop
86.7%
Return of the _______ (1983)Jedi
85.8%
Star Wars: The _______ Menace (1999)Phantom
81.4%
Movie Title & Year Missing Word % Correct
Ben-_______ (1959)Hur
77.9%
Star Wars: Episode II - Attack of the _______ (2002)Clones
73.3%
Lord of the Rings: The Return of the _______ (2003)King
72.4%
_______ Park (1993)Jurassic
66.9%
_______ and the Bandit (1977)Smokey
66.2%
The Bridge on the River _______ (1957)Kwai
61.3%
Transformers: _______ of the Fallen (2009)Revenge
57.2%
_______-Man (2002)Spider
57%
The _______ Inferno (1974)Towering
45.5%
The _______ Adventure (1972)Poseidon
19.8%

Today's Daily Dose

You're not logged in!

Compare scores with friends on all Sporcle quizzes.
Join for Free
OR
Log In

You Might Also Like...

Show Comments

Extras

Top Quizzes Today


Score Distribution

Your Account Isn't Verified!

In order to create a playlist on Sporcle, you need to verify the email address you used during registration. Go to your Sporcle Settings to finish the process.

Report this User

Report this user for behavior that violates our Community Guidelines.

Details: